Études d'économie politique et de statistique / (Record no. 167974)

MARC details
000 -LEADER
campo de control de longitud fija 00593nam a22001695i 4500
001 - NÚMERO DE CONTROL
campo de control 167974
003 - IDENTIFICADOR DE NÚMERO DE CONTROL
campo de control ES-MaACL
005 - FECHA Y HORA DE LA ÚLTIMA TRANSACCIÓN
campo de control 20251005063132.0
008 - DATOS DE LONGITUD FIJA--INFORMACIÓN GENERAL
campo de control de longitud fija 010820s1848 fr |||| | fre d
040 ## - FUENTE DE CATALOGACIÓN
Centro catalogador/agencia de origen CCPB | B
Lengua de catalogación spa
Centro/agencia transcriptor CCPB | B
100 1# - ENTRADA PRINCIPAL--NOMBRE DE PERSONA
Nombre de persona Wolowski, Louis,
Fechas asociadas al nombre 1810-1876
9 (RLIN) 154526
245 10 - MENCIÓN DEL TÍTULO
Título Études d'économie politique et de statistique /
Mención de responsabilidad, etc. par L. Wolowski.
260 ## - PUBLICACIÓN, DISTRIBUCIÓN, ETC.
Lugar de publicación, distribución, etc. Paris :
Nombre del editor, distribuidor, etc. chez Guillaumin et Cie,
Fecha de publicación, distribución, etc. 1848 (
Lugar de fabricación/manufactura Batignolles) :
Fabricante imprimerie de Hennuyer et Ce)
300 ## - DESCRIPCIÓN FÍSICA
Extensión LVII, 423 p. ;
Dimensiones 22 cm.
852 ## - LOCALIZACIÓN
Ubicación ES-MaACL
Número de control de estantería C-3006
Nota libre -- Enc. hol.
Holdings
Estatus retirado Estado de pérdida Estado de daño No para préstamo Colección Biblioteca de origen Biblioteca actual Ubicación en estantería Fecha de adquisición Fuente de adquisición Total de préstamos Signatura topográfica completa Código de barras Visto por última vez Precio de reemplazo Tipo de ítem Koha
        Libros del s. XIX Biblioteca del Ateneo de Madrid Biblioteca del Ateneo de Madrid Sala Palomar 17/01/2008     C-3006 1176223 23/02/2023 23/02/2023 Libro impreso antiguo